[Event "FRA-ch U18/14 Online"]
[Site "Europe Echecs INT"]
[Date "2020.07.11"]
[Round "6"]
[White "Tomasi, Elise"]
[Black "Krivcenko, Alexandr"]
[Result "1-0"]
[WhiteElo "2030"]
[BlackElo "1795"]
[PlyCount "115"]
[EventDate "2020.07.11"]
[EventType "swiss (blitz)"]
[EventRounds "9"]
[EventCountry "FRA"]
[SourceTitle "EXT 2021"]
[Source "ChessBase"]
[SourceDate "2020.10.23"]
[SourceVersion "1"]
[SourceVersionDate "2020.10.23"]
[SourceQuality "1"]

1. d4 Nf6 2. Nf3 d5 3. g3 e6 4. Bg2 Be7 5. 0-0 0-0 6. c4 dxc4 7. Qc2 b5 8. a4 b4 9. Qxc4 Ba6 10. Qc2 b3 11. Qxb3 Bxe2 12. Re1 Bxf3 13. Bxf3 c6 14. Qb7 Nd5 15. Nc3 Qc7 16. Qxc7 Nxc7 17. Bf4 Nd5 18. Nxd5 cxd5 19. Bxd5 exd5 20. Rxe7 Nc6 21. Rd7 Nxd4 22. Rxd5 Ne2+ 23. Kg2 Nxf4+ 24. gxf4 Rab8 25. Rb5 h6 26. b4 Rxb5 27. axb5 Rb8 28. Rxa7 Rxb5 29. Ra4 Kh7 30. Kf3 Kg6 31. Ke4 Rh5 32. Ra6+ f6 33. Ra2 Rxh2 34. b5 Rh5 35. Rb2 Rc5 36. b6 Rc8 37. b7 Rb8 38. f5+ Kg5 39. f4+ Kh4 40. Kf3 Kh3 41. Rb1 Kh2 42. Kg4 Kg2 43. Rb2+ Kf1 44. Kh5 Ke1 45. Kg6 Kd1 46. Kxg7 h5 47. Kxf6 h4 48. Kg6 h3 49. f6 Rg8+ 50. Kh7 Rb8 51. f7 Rxb7 52. Rxb7 h2 53. Rb1+ Ke2 54. Rh1 Kf2 55. Rxh2+ Kf3 56. f8Q Kg4 57. Qg7+ Kxf4 58. Rf2+ 1-0